ARRUPE JESUIT UNIVERSITY

CORONAVIRUS -STOP THE SPREAD - CLEAN,DISINFECT,COVER

The Gunpowder Plot : (Record no. 130989)

MARC details
000 -LEADER
fixed length control field 01484cam a2200361 a 4500
001 - CONTROL NUMBER
control field 13919468
003 - CONTROL NUMBER IDENTIFIER
control field ARRUPE
005 - DATE AND TIME OF LATEST TRANSACTION
control field 20211027101847.0
008 - FIXED-LENGTH DATA ELEMENTS--GENERAL INFORMATION
fixed length control field 020819r20021996enkacef b 001 0 eng
010 ## - LIBRARY OF CONGRESS CONTROL NUMBER
LC control number 2005360853
015 ## - NATIONAL BIBLIOGRAPHY NUMBER
National bibliography number GBA2-V4456
020 ## - INTERNATIONAL STANDARD BOOK NUMBER
International Standard Book Number 0753814013
035 ## - SYSTEM CONTROL NUMBER
System control number (OCoLC)ocm50494506
040 ## - CATALOGING SOURCE
Original cataloging agency UKM
Transcribing agency UKM
Modifying agency OCLCQ
-- DLC
043 ## - GEOGRAPHIC AREA CODE
Geographic area code e-uk---
050 00 - LIBRARY OF CONGRESS CALL NUMBER
Classification number DA392
Item number .F76 2002
082 00 - DEWEY DECIMAL CLASSIFICATION NUMBER
Classification number 942.06/1
Edition number 22
300 ## - PHYSICAL DESCRIPTION
Other physical details ill. (some col.), facsims., plan, ports. (some col.) ;
Dimensions 20 cm.
100 1# - MAIN ENTRY--PERSONAL NAME
Personal name Fraser, Antonia,
Dates associated with a name 1932-
9 (RLIN) 49247
240 10 - UNIFORM TITLE
Uniform title <a href="Faith and treason">Faith and treason</a>
245 14 - TITLE STATEMENT
Title The Gunpowder Plot :
Remainder of title terror & faith in 1605 /
Statement of responsibility, etc Antonia Fraser.
260 ## - PUBLICATION, DISTRIBUTION, ETC. (IMPRINT)
Place of publication, distribution, etc London :
Name of publisher, distributor, etc Phoenix,
Date of publication, distribution, etc 2002.
300 ## - PHYSICAL DESCRIPTION
Extent xxxviii, 410 p., [24] p. of plates :
500 ## - GENERAL NOTE
General note Originally published in the U.S. under title: Faith and treason. New York : Doubleday, c1996.
504 ## - BIBLIOGRAPHY, ETC. NOTE
Bibliography, etc Includes bibliographical references (p. 382-394) and index.
600 10 - SUBJECT ADDED ENTRY--PERSONAL NAME
Personal name Fawkes, Guy,
Dates associated with a name 1570-1606.
9 (RLIN) 50701
650 #0 - SUBJECT ADDED ENTRY--TOPICAL TERM
Topical term or geographic name as entry element Gunpowder Plot, 1605.
9 (RLIN) 50702
651 #0 - SUBJECT ADDED ENTRY--GEOGRAPHIC NAME
Geographic name Great Britain
General subdivision History
Chronological subdivision James I, 1603-1625.
9 (RLIN) 50703
856 42 - ELECTRONIC LOCATION AND ACCESS
Materials specified Contributor biographical information
Uniform Resource Identifier <a href="http://www.loc.gov/catdir/enhancements/fy0627/2005360853-b.html">http://www.loc.gov/catdir/enhancements/fy0627/2005360853-b.html</a>
856 42 - ELECTRONIC LOCATION AND ACCESS
Materials specified Publisher description
Uniform Resource Identifier <a href="http://www.loc.gov/catdir/enhancements/fy0627/2005360853-d.html">http://www.loc.gov/catdir/enhancements/fy0627/2005360853-d.html</a>
906 ## - LOCAL DATA ELEMENT F, LDF (RLIN)
a 7
b cbc
c copycat
d 2
e ncip
f 20
g y-gencatlg
942 ## - ADDED ENTRY ELEMENTS (KOHA)
Source of classification or shelving scheme Library of Congress Classification
Koha item type Monograph ( Printed materials)
Holdings
Withdrawn status Lost status Source of classification or shelving scheme Damaged status Not for loan Collection code Home library Current library Shelving location Date acquired Total Checkouts Full call number Barcode Date last seen Price effective from Koha item type
    Library of Congress Classification     Main Collection ARRUPE LIBRARY ARRUPE LIBRARY Main Collection 27/10/2021   DA392 .F76 2002 46600006954 27/10/2021 27/10/2021 Monograph ( Printed materials)

 

Arrupe Library. PO Box MP320 Mt Pleasant, Harare, Zimbabwe
263 242 745411|librarian@aju.ac.zw